000 00802cam a22002413a 4500
001 28587
003 PGUSA
005 20140828083622.0
008 090422s2009||||xxu|||||s|||||000 | eng d
040 _aPGUSA
_beng
042 _adc
050 4 _aDG
100 1 _aAmmianus Marcellinus
245 1 4 _aThe Roman History of Ammianus Marcellinus :
_bDuring the Reigns of the Emperors Constantius, Julian, Jovianus, Valentinian, and Valens
_h[electronic resource] /
_cAmmianus Marcellinus
260 _bProject Gutenberg,
_c2009
506 _aPublic domain in the USA.
516 _aElectronic text
653 _aRome -- History -- Empire, 284-476
700 1 _aYonge, Charles Duke,
_d1812-1891
830 0 _aProject Gutenberg
_v28587
856 4 0 _uhttp://www.gutenberg.org/ebooks/28587
942 _cEB
999 _c257842
_d257842